Statistics for Former Countries of Austria-Hungary

Click here to take the quiz!

General Stats

  • This quiz has been taken 70 times
  • The average score is 13 of 14

Answer Stats

Country% Correct
Austria
100%
Hungary
100%
Czech Republic
98%
Slovenia
98%
Serbia
97%
Slovakia
97%
Romania
95%
Croatia
92%
Bosnia and Herzegovina
90%
Italy
90%
Poland
89%
Montenegro
87%
Ukraine
87%
Moldova
67%

Score Distribution

Percentile by Number Answered

Percent of People with Each Score

Your Score History

You have not taken this quiz